HGGSP Conquête Espace/Océans - Statistiques

Statistiques générales
  • Ce quiz a été pris 275 fois
  • Le résultat moyen est 3 sur 15
Statistiques - réponses
Questions Réponse % Correct
Comment appelle-t-on la zone, qui s'étend jusqu'à 200 milles marins, dans laquelle les États jouissent de droits d'exploitation exclusifs des ressources naturelles ? ZEE
91%
Quelle grande puissance semble aujourd’hui la plus déterminée à faire avancer la conquête spatiale ? La Chine
57%
Quel canal se trouve à proximité de la mer des Caraïbes et du golfe du Mexique ? Canal de Panama
38%
Quel savant allemand est considéré comme le père des fusées américaines ? Wernher von Braun
33%
Quel océan constitue la principale zone de transit depuis 1980 ? Océan Pacifique
28%
Comment sont surnommées les nombreuses bases navales obtenues par la Chine le long de la route qui la relie au détroit d'Ormuz et au pétrole du Moyen-Orient ? Collier de perles
27%
Comment appelle-t-on la transformation d'un espace maritime en un espace approprié et organisé par une société humaine ? Territorialisation
19%
Quelle part des réserves de gaz et de pétrole du monde se trouve dans les mers et les océans ? 30 %
17%
Quand la convention des Nations unies sur le droit de la mer a-t-elle été signée ? 10 décembre 1982
6%
Qui est le premier homme à sortir dans l’espace ? Alexeï Leonov
4%
Comment s’appelle le programme spatial américain visant à envoyer un homme sur la Lune ? Programme Apollo
3%
Quel pays lance véritablement la course à l’espace ? L’Union soviétique
1%
Comment appelle-t-on les espaces où le contrôle des États s'est affaibli ou a disparu ? Espaces non gouvernés
0%
Quel enjeu éthique est soulevé par la conquête de nouveaux espaces ? La question de l’appropriation et du partage équitable des ressources
0%
Quels pays ont autorisé l’exploitation privée des ressources de l’espace ? Les États-Unis et le Luxembourg.
0%
Aucun quiz correspondant
Distribution des résultats
% des personnes avec chaque résultat
Percentile par nombre de réponses
Votre historique - résultats
Vous n’avez pas pris ce quiz